Hodnotenie výkonov vzpieračov v I. lige

Bibliographic Details
Main Author: Kováč, Milan (Author)
Format: Article
Language:Slovak
PhysicalDescription:Obr. 2. Tb. 6.
Subjects:

MARC

LEADER 00000nab a2200000 a 4500
001 vtls000114482
003 SK-MaSNL
005 20260303023859.0
008 111104c1982 xo 0 slo
015 |a SNBRB19rr/mm-uuuuu 
035 |a CL0124585 
040 |a SNKBUCL  |b slo  |c SNKBUCL  |e AACR2 
041 0 |a slo 
044 |a xo  |c SK 
080 |a 796.88  |2 1981 
100 1 |a Kováč, Milan  |4 aut  |9 279247 
245 1 0 |a Hodnotenie výkonov vzpieračov v I. lige  |c Milan Kováč 
300 |b Obr. 2. Tb. 6. 
650 0 7 |a vzpieranie  |2 snkbucl  |9 3253 
655 7 |a články z novín a časopisov  |2 snkbucl  |9 267496 
773 0 |t Tréner  |g Roč. 26, č. 4 (1982), s. 171-173 
850 |a Slovenská národná knižnica v Martine  |a MTA001 
852 |a SNK  |b KIS3GCP 
958 |a RK 
992 |a RBX 
999 |c 1636972  |d 1638902